[Event "VIE-ch"]
[Site "Hanoi"]
[Date "2024.03.13"]
[Round "5"]
[White "Nguyen, Dinh Trung"]
[Black "Nguyen, Vuong Tung Lam"]
[Result "0-1"]
[WhiteElo "1947"]
[BlackElo "1870"]
[PlyCount "72"]
[EventDate "2024.03.11"]
[EventType "swiss"]
[EventRounds "9"]
[EventCountry "VIE"]
[SourceTitle "CB13_2024"]
[SourceDate "2024.03.27"]
[SourceVersion "1"]
[SourceVersionDate "2024.03.27"]
[SourceQuality "1"]

1. b3 e5 2. Bb2 Nc6 3. c4 Nge7 4. e3 d5 5. cxd5 Nxd5 6. a3 Be6 7. Qc2 Qd7 8. Nf3 f6 9. b4 0-0-0 10. b5 Nce7 11. Nc3 g5 12. Be2 Ng6 13. h3 Rg8 14. d4 Nxc3 15. Qxc3 e4 16. Nd2 f5 17. 0-0-0 Kb8 18. Nb3 Bd5 19. Kb1 Bd6 20. Bc4 Qf7 21. Na5 Ne7 22. Rc1 f4 23. Qb3 Bxc4 24. Rxc4 Nd5 25. Rc5 Bxc5 26. dxc5 Rgf8 27. Qa4 fxe3 28. fxe3 Nxe3 29. b6 cxb6 30. cxb6 Qd7 31. bxa7+ Ka8 32. Qb4 Rf5 33. a4 Qc7 34. Nb3 Qc2+ 35. Ka2 Nc4 36. Rb1 Rf2 0-1

[Event "VIE-ch"]
[Site "Vung Tau"]
[Date "2023.03.05"]
[Round "5"]
[White "Doan, Van Duc"]
[Black "Nguyen, Vuong Tung Lam"]
[Result "1/2-1/2"]
[WhiteElo "2080"]
[BlackElo "1900"]
[PlyCount "49"]
[EventDate "2023.03.03"]
[EventType "swiss"]
[EventRounds "9"]
[EventCountry "VIE"]
[SourceTitle "EXT 2024"]
[Source "ChessBase"]
[SourceDate "2023.10.10"]
[SourceVersion "1"]
[SourceVersionDate "2023.10.10"]
[SourceQuality "1"]

1. Nf3 Nf6 2. c4 g6 3. g3 Bg7 4. Bg2 c6 5. d4 d5 6. cxd5 cxd5 7. 0-0 0-0 8. Nc3 Ne4 9. Ne5 Nxc3 10. bxc3 Nc6 11. Nxc6 bxc6 12. e4 Ba6 13. Re1 Qa5 14. Bd2 e6 15. Qc2 Bc4 16. Bf1 Qa6 17. Bf4 Rfc8 18. Bd6 Bxf1 19. Rxf1 Qc4 20. Qb3 Qxb3 21. axb3 dxe4 22. Ra6 Bh6 23. Rfa1 Bd2 24. Bb4 e3 25. Kf1 1/2-1/2

[Event "VIE-ch"]
[Site "Vung Tau"]
[Date "2023.03.04"]
[Round "3"]
[White "Nguyen, Duc Hoa"]
[Black "Nguyen, Vuong Tung Lam"]
[Result "1-0"]
[WhiteElo "2354"]
[BlackElo "1900"]
[PlyCount "89"]
[EventDate "2023.03.03"]
[EventType "swiss"]
[EventRounds "9"]
[EventCountry "VIE"]
[SourceTitle "EXT 2024"]
[Source "ChessBase"]
[SourceDate "2023.10.10"]
[SourceVersion "1"]
[SourceVersionDate "2023.10.10"]
[SourceQuality "1"]

1. d4 Nf6 2. c4 g6 3. Nc3 d5 4. Bg5 Ne4 5. Bh4 Nxc3 6. bxc3 dxc4 7. e3 Qd5 8. Nf3 Nd7 9. Be2 Bg7 10. 0-0 c6 11. Nd2 Nb6 12. a4 Qa5 13. Qc1 Be6 14. Qa3 g5 15. Bg3 Rc8 16. Ne4 Nd7 17. f4 gxf4 18. Bxf4 h6 19. Bd6 Nf6 20. Bb4 Qd5 21. Nd2 Qg5 22. Rf3 Nh5 23. Bxc4 Rg8 24. Ne4 Qg4 25. Bxe6 fxe6 26. Ng3 Bf6 27. Qa2 Bh4 28. h3 Qxf3 29. gxf3 Rxg3+ 30. Kh2 Kd7 31. Qe2 Rcg8 32. c4 R3g6 33. Be1 Rg1 34. Rd1 Bf6 35. f4 R1g6 36. d5 Ng3 37. dxc6+ Kc7 38. Qf3 Nf5 39. cxb7 Nh4 40. b8Q+ Kxb8 41. Rb1+ Kc7 42. Rb7+ Kd8 43. Rb8+ Kd7 44. Qb7+ Kd6 45. Bb4# 1-0

[Event "Johor op-A 7th"]
[Site "Johor"]
[Date "2022.12.30"]
[Round "8"]
[White "Nguyen, Vuong Tung Lam"]
[Black "Mahmood Shah, Mukhriez Shah"]
[Result "0-1"]
[WhiteElo "1825"]
[BlackElo "1905"]
[PlyCount "100"]
[EventDate "2022.12.26"]
[EventType "swiss"]
[EventRounds "9"]
[EventCountry "MAS"]
[SourceTitle "CBM 212 Extra"]
[Source "ChessBase"]
[SourceDate "2023.03.31"]
[SourceVersion "1"]
[SourceVersionDate "2023.03.31"]
[SourceQuality "1"]

1. d4 Nf6 2. Nf3 d5 3. g3 e6 4. Bg2 c5 5. 0-0 Nc6 6. c4 dxc4 7. Qa4 Bd7 8. Qxc4 b5 9. Qd3 c4 10. Qd1 Rc8 11. b3 Na5 12. bxc4 Nxc4 13. Ne5 Nd5 14. Nxc4 bxc4 15. Bxd5 exd5 16. Nc3 Qa5 17. Bd2 Bb4 18. Qc2 0-0 19. Rfc1 Rfe8 20. a3 Bxc3 21. Bxc3 Qa4 22. Qd2 Rb8 23. Rcb1 Rb3 24. Rxb3 cxb3 25. Bb2 Qc4 26. Re1 Qc2 27. Qxc2 bxc2 28. f3 f5 29. Kf2 Bb5 30. e3 g5 31. h3 h5 32. Bc1 g4 33. hxg4 hxg4 34. f4 Bd3 35. Rh1 Kg7 36. Ke1 Be4 37. Rh2 Rb8 38. Ke2 Rb3 39. Rh5 Rd3 40. Rg5+ Kf7 41. Bd2 Rxa3 42. Bc1 Rd3 43. Bd2 Rc3 44. Bc1 Rc8 45. Rh5 Kg6 46. Rg5+ Kh6 47. Kd2 a5 48. Ba3 Rb8 49. Bc1 a4 50. Ke2 a3 0-1

[Event "Johor op-A 7th"]
[Site "Johor"]
[Date "2022.12.26"]
[Round "1"]
[White "Nguyen, Vuong Tung Lam"]
[Black "Lim, Kian Guan"]
[Result "1/2-1/2"]
[WhiteElo "1825"]
[BlackElo "1469"]
[PlyCount "88"]
[EventDate "2022.12.26"]
[EventType "swiss"]
[EventRounds "9"]
[EventCountry "MAS"]
[SourceTitle "CBM 212 Extra"]
[Source "ChessBase"]
[SourceDate "2023.03.31"]
[SourceVersion "1"]
[SourceVersionDate "2023.03.31"]
[SourceQuality "1"]

1. d4 d5 2. Nf3 Nf6 3. g3 Bf5 4. Bg2 e6 5. c4 c6 6. Nc3 h6 7. Qb3 Qb6 8. c5 Qxb3 9. axb3 a6 10. b4 Be7 11. b5 cxb5 12. Nxb5 0-0 13. Bd2 Nc6 14. Nc3 Be4 15. e3 Bd3 16. Na4 Nd7 17. Bc3 Bf6 18. Nd2 Rfb8 19. f4 Be7 20. Kf2 b5 21. cxb6 Nxb6 22. e4 dxe4 23. Nxb6 Rxb6 24. Nxe4 Bc4 25. Nc5 Bd5 26. Nd7 Rb7 27. Bxd5 exd5 28. Ne5 Nxe5 29. fxe5 Bb4 30. Ke3 Rc8 31. Kd3 a5 32. Rhc1 Rbc7 33. Bd2 Bxd2 34. Kxd2 Rc4 35. Rxc4 Rxc4 36. Rxa5 Rxd4+ 37. Kc3 Rc4+ 38. Kd3 Rb4 39. Kc3 Rc4+ 40. Kb3 Rd4 41. Rc5 Kf8 42. Kc3 Rd1 43. b4 Ke7 44. b5 Ke6 1/2-1/2

[Event "VIE-ch U13"]
[Site "Ho Chi Minh City"]
[Date "2022.07.14"]
[Round "5"]
[White "Nguyen, Vuong Tung Lam"]
[Black "Huynh, Le Minh Hoang"]
[Result "1-0"]
[WhiteElo "2338"]
[BlackElo "2335"]
[PlyCount "59"]
[EventDate "2022.07.11"]
[EventType "swiss"]
[EventRounds "9"]
[EventCountry "VIE"]
[SourceTitle "EXT 2023"]
[Source "ChessBase"]
[SourceDate "2022.10.05"]
[SourceVersion "1"]
[SourceVersionDate "2022.10.05"]
[SourceQuality "1"]

1. d4 Nf6 2. Nf3 g6 3. g3 Bg7 4. Bg2 0-0 5. 0-0 d5 6. c4 dxc4 7. Na3 Nc6 8. Nxc4 Be6 9. b3 Bd5 10. Bb2 a5 11. Ne1 Bxg2 12. Nxg2 a4 13. e3 b5 14. Ne5 Nxe5 15. dxe5 Nd7 16. f4 b4 17. Rc1 Nb6 18. Bd4 axb3 19. Qxb3 Ra3 20. Qxb4 Rxa2 21. Rfd1 Qd5 22. Ne1 Qe6 23. Nf3 Qg4 24. Rf1 Rfa8 25. Bxb6 cxb6 26. Qxe7 Qh3 27. Qxf7+ Kh8 28. Rf2 Ra1 29. Rfc2 R8a2 30. Qe8+ 1-0

[Event "VIE-ch U13"]
[Site "Ho Chi Minh City"]
[Date "2022.07.12"]
[Round "2"]
[White "Bui, Tran Minh Khang"]
[Black "Nguyen, Vuong Tung Lam"]
[Result "0-1"]
[WhiteElo "2325"]
[BlackElo "2338"]
[PlyCount "56"]
[EventDate "2022.07.11"]
[EventType "swiss"]
[EventRounds "9"]
[EventCountry "VIE"]
[SourceTitle "EXT 2023"]
[Source "ChessBase"]
[SourceDate "2022.10.05"]
[SourceVersion "1"]
[SourceVersionDate "2022.10.05"]
[SourceQuality "1"]

1. e4 c5 2. c4 Nc6 3. g3 g6 4. Bg2 Bg7 5. Nc3 e6 6. Nge2 Nge7 7. 0-0 0-0 8. d3 b6 9. Be3 Bb7 10. d4 d6 11. Rc1 e5 12. d5 Nd4 13. a3 Ba6 14. b3 Qd7 15. a4 Rae8 16. f4 f5 17. Rb1 Nxe2+ 18. Nxe2 fxe4 19. Bxe4 Nf5 20. Bd2 exf4 21. Bxf5 Qxf5 22. Bxf4 Qe4 23. Rf2 Bc8 24. Rc1 Bg4 25. Rc2 g5 26. Bxg5 Rxf2 27. Kxf2 Qf3+ 28. Kg1 Bd4+ 0-1

[Event "VIE-ch U13"]
[Site "Ho Chi Minh City"]
[Date "2022.07.12"]
[Round "3"]
[White "Nguyen, Vuong Tung Lam"]
[Black "Nguyen, Thai Son"]
[Result "1-0"]
[WhiteElo "2338"]
[BlackElo "2329"]
[PlyCount "69"]
[EventDate "2022.07.11"]
[EventType "swiss"]
[EventRounds "9"]
[EventCountry "VIE"]
[SourceTitle "EXT 2023"]
[Source "ChessBase"]
[SourceDate "2022.10.05"]
[SourceVersion "1"]
[SourceVersionDate "2022.10.05"]
[SourceQuality "1"]

1. d4 Nf6 2. Nf3 e6 3. g3 b5 4. Bg2 Bb7 5. 0-0 c5 6. b3 Be7 7. Bb2 0-0 8. Nbd2 cxd4 9. Nxd4 Bxg2 10. Kxg2 Qc8 11. c4 b4 12. e4 Nc6 13. f4 d6 14. Qf3 Nxd4 15. Bxd4 e5 16. Bb2 Nd7 17. Rfd1 Qc6 18. Nf1 exf4 19. gxf4 Nc5 20. Rd5 Rfe8 21. Ng3 Bf8 22. Re1 Ne6 23. Nh5 f5 24. Qg3 Qb7 25. Nf6+ Kh8 26. Nxe8 Rxe8 27. exf5 Nxf4+ 28. Qxf4 Rxe1 29. Bd4 Qf7 30. Rb5 Re2+ 31. Kg3 Qh5 32. h3 Re8 33. f6 Qg6+ 34. Rg5 Qd3+ 35. Kh4 1-0

[Event "VIE-ch U13"]
[Site "Hanoi"]
[Date "2022.06.17"]
[Round "9"]
[White "Pham, Nguyen Tuan Anh"]
[Black "Nguyen, Vuong Tung Lam"]
[Result "0-1"]
[WhiteElo "2379"]
[BlackElo "2347"]
[PlyCount "92"]
[EventDate "2022.06.11"]
[EventType "swiss"]
[EventRounds "9"]
[EventCountry "VIE"]
[SourceTitle "EXT 2023"]
[Source "ChessBase"]
[SourceDate "2022.10.05"]
[SourceVersion "1"]
[SourceVersionDate "2022.10.05"]
[SourceQuality "1"]

1. d4 Nf6 2. c4 g6 3. Nc3 d5 4. cxd5 Nxd5 5. e4 Nxc3 6. bxc3 Bg7 7. Nf3 0-0 8. Be2 Bg4 9. 0-0 c5 10. Bb2 Bxf3 11. Bxf3 e5 12. d5 b5 13. Qb3 Qb6 14. Be2 c4 15. Qc2 Nd7 16. a4 a6 17. Ba3 Rfb8 18. Rfb1 Qc7 19. axb5 axb5 20. Bb4 Qb6 21. Bg4 Nf6 22. Bf3 Bf8 23. Bxf8 Kxf8 24. Be2 Qc5 25. g3 Ne8 26. Kg2 Nd6 27. Rxa8 Rxa8 28. Rd1 Ra3 29. Bf1 b4 30. cxb4 Qxb4 31. Rb1 Rb3 32. Ra1 Kg7 33. Ra2 c3 34. Bd3 Rb2 35. Rxb2 cxb2 36. Qc7 Nc4 37. Bb1 Qc3 38. d6 Qc1 39. Ba2 Qc2 40. Kh3 Qc1 41. d7 Qf1+ 42. Kh4 Qxf2 43. Kh3 Qf1+ 44. Kh4 g5+ 45. Kxg5 Qf6+ 46. Kh5 Ne3 0-1

[Event "VIE-ch U13"]
[Site "Hanoi"]
[Date "2022.06.14"]
[Round "5"]
[White "Nguyen, Vuong Tung Lam"]
[Black "Ta, Nguyen Bao"]
[Result "1-0"]
[WhiteElo "2347"]
[BlackElo "2373"]
[PlyCount "79"]
[EventDate "2022.06.11"]
[EventType "swiss"]
[EventRounds "9"]
[EventCountry "VIE"]
[SourceTitle "EXT 2023"]
[Source "ChessBase"]
[SourceDate "2022.10.05"]
[SourceVersion "1"]
[SourceVersionDate "2022.10.05"]
[SourceQuality "1"]

1. d4 d5 2. Nf3 Nf6 3. g3 Bf5 4. Bg2 h6 5. 0-0 e6 6. c4 c6 7. Nc3 Nbd7 8. Nd2 Be7 9. e4 dxe4 10. Ndxe4 0-0 11. Be3 Nxe4 12. Nxe4 Nf6 13. Nc3 Qc7 14. Qb3 Rfd8 15. Rac1 Ng4 16. Bf4 Qd7 17. Rfd1 g5 18. Be3 Bf6 19. d5 exd5 20. cxd5 Nxe3 21. dxc6 Nxd1 22. cxd7 Nxc3 23. bxc3 Rxd7 24. c4 Rad8 25. Bd5 Kg7 26. Re1 b6 27. a4 Rd6 28. Qb4 a5 29. Qb5 Bd3 30. Qb3 Bf5 31. Qa3 Bc2 32. Re8 Rxd5 33. Qf8+ Kg6 34. Qg8+ Kh5 35. Rxd8 Rxd8 36. Qxf7+ Bg6 37. Qxf6 Rd1+ 38. Kg2 Be4+ 39. f3 Rd2+ 40. Kh3 1-0

[Event "VIE-ch U13"]
[Site "Hanoi"]
[Date "2022.06.11"]
[Round "1"]
[White "Giap, Xuan Cuong"]
[Black "Nguyen, Vuong Tung Lam"]
[Result "0-1"]
[WhiteElo "2372"]
[BlackElo "2347"]
[PlyCount "64"]
[EventDate "2022.06.11"]
[EventType "swiss"]
[EventRounds "9"]
[EventCountry "VIE"]
[SourceTitle "EXT 2023"]
[Source "ChessBase"]
[SourceDate "2022.10.05"]
[SourceVersion "1"]
[SourceVersionDate "2022.10.05"]
[SourceQuality "1"]

1. d4 Nf6 2. c4 g6 3. Nc3 d5 4. cxd5 Nxd5 5. e4 Nxc3 6. bxc3 Bg7 7. Bc4 0-0 8. Ne2 b6 9. 0-0 Bb7 10. f3 Nd7 11. Be3 e5 12. Qd2 exd4 13. cxd4 c5 14. Rad1 cxd4 15. Bxd4 Ne5 16. Bb3 Qe7 17. Qb2 Ba6 18. Rfe1 Rfd8 19. Nf4 Rxd4 20. Rxd4 Nc6 21. Nd5 Qc5 22. Rc1 Bxd4+ 23. Kh1 Bxb2 24. Rxc5 bxc5 25. Nc7 Rd8 26. Nxa6 c4 27. Bc2 Rd2 28. Ba4 c3 29. h3 c2 30. Bxc2 Rxc2 31. Nc7 Be5 32. Kg1 Bg3 0-1

[Event "Kaspersky op U16"]
[Site "Tornelo INT"]
[Date "2021.04.02"]
[Round "11"]
[White "Nguyen, Vuong Tung Lam"]
[Black "Chanturia, Giorgi1111"]
[Result "1-0"]
[WhiteElo "1612"]
[BlackElo "1122"]
[PlyCount "123"]
[EventDate "2021.04.02"]
[EventType "swiss (blitz)"]
[EventRounds "11"]
[EventCountry "RUS"]
[SourceTitle "CBM 201 Extra"]
[Source "ChessBase"]
[SourceDate "2021.05.31"]
[SourceVersion "1"]
[SourceVersionDate "2021.05.31"]
[SourceQuality "1"]

1. d4 d5 2. Nf3 Nf6 3. g3 e6 4. Bg2 Be7 5. 0-0 0-0 6. c4 b6 7. Nc3 Bb7 8. Ne5 Nbd7 9. Qa4 Nxe5 10. dxe5 Nd7 11. cxd5 exd5 12. Nxd5 Nxe5 13. Nxe7+ Qxe7 14. Bxb7 Rad8 15. Bf4 Ng6 16. Bf3 Nxf4 17. Qxf4 Rd7 18. Rac1 Rfd8 19. Kg2 c5 20. Rc3 Rd1 21. Rxd1 Rxd1 22. Re3 Qd8 23. Qc7 Qf8 24. Bc6 Rd8 25. Qxd8 Qxd8 26. Re8+ Qxe8 27. Bxe8 Kf8 28. Bb5 Ke7 29. Kf3 Kd6 30. Ke4 g6 31. g4 f6 32. f4 Ke6 33. a3 Kd6 34. Bc4 h6 35. h4 Kc6 36. g5 fxg5 37. hxg5 hxg5 38. fxg5 Kd6 39. a4 a5 40. Bf7 Ke7 41. Bxg6 Ke6 42. Bf5+ Kd6 43. g6 Ke7 44. g7 Kf7 45. Kd5 Kxg7 46. Kc6 Kf6 47. Kxb6 Kxf5 48. Kxa5 Ke4 49. Kb5 Kd5 50. a5 c4 51. a6 Kd4 52. a7 c3 53. bxc3+ Kxc3 54. a8Q Kd2 55. e4 Kd3 56. e5 Kd4 57. e6 Ke5 58. e7 Kf4 59. e8Q Kf5 60. Qf3+ Kg5 61. Qg8+ Kh4 62. Qh1# 1-0

[Event "Kaspersky op U16"]
[Site "Tornelo INT"]
[Date "2021.04.02"]
[Round "9"]
[White "Nguyen, Vuong Tung Lam"]
[Black "Seilbay, Timur"]
[Result "1-0"]
[WhiteElo "1612"]
[BlackElo "1230"]
[PlyCount "85"]
[EventDate "2021.04.02"]
[EventType "swiss (blitz)"]
[EventRounds "11"]
[EventCountry "RUS"]
[SourceTitle "CBM 201 Extra"]
[Source "ChessBase"]
[SourceDate "2021.05.31"]
[SourceVersion "1"]
[SourceVersionDate "2021.05.31"]
[SourceQuality "1"]

1. d4 d5 2. Nf3 Nf6 3. g3 e6 4. Bg2 Bd6 5. 0-0 0-0 6. c4 c5 7. dxc5 Bxc5 8. Qc2 Bb6 9. Rd1 Qc7 10. Na3 Rd8 11. Bf4 Qc5 12. Be3 Qc7 13. c5 Ba5 14. Bf4 Qe7 15. Bd6 Qe8 16. Rab1 Na6 17. Qd3 Bc7 18. Bxc7 Nxc7 19. Ne5 Nd7 20. Nxd7 Bxd7 21. e4 Bc6 22. e5 Qe7 23. Qe3 Rd7 24. Nc2 Rad8 25. Rbc1 Nb5 26. Nd4 Nxd4 27. Rxd4 Rc7 28. Bf1 Be8 29. Rh4 Rdc8 30. b4 h6 31. Rb1 b6 32. cxb6 axb6 33. Qxb6 Rb7 34. Qd4 Rc4 35. Bxc4 dxc4 36. Qxc4 Bb5 37. Qc8+ Kh7 38. Rd4 Qg5 39. Qxb7 Qxe5 40. Qe4+ Qxe4 41. Rxe4 Bd3 42. Rbe1 Bxe4 43. Rxe4 1-0

[Event "Kaspersky op U16"]
[Site "Tornelo INT"]
[Date "2021.04.02"]
[Round "6"]
[White "Velarde, Jerish John"]
[Black "Nguyen, Vuong Tung Lam"]
[Result "1-0"]
[WhiteElo "1896"]
[BlackElo "1612"]
[PlyCount "57"]
[EventDate "2021.04.02"]
[EventType "swiss (blitz)"]
[EventRounds "11"]
[EventCountry "RUS"]
[SourceTitle "CBM 201 Extra"]
[Source "ChessBase"]
[SourceDate "2021.05.31"]
[SourceVersion "1"]
[SourceVersionDate "2021.05.31"]
[SourceQuality "1"]

1. e4 c5 2. Nf3 d6 3. Bb5+ Bd7 4. Bxd7+ Qxd7 5. c4 Nf6 6. Nc3 Nc6 7. 0-0 e5 8. d3 Be7 9. Bg5 0-0 10. Bxf6 Bxf6 11. Nd5 Bd8 12. a3 f5 13. b4 g5 14. bxc5 dxc5 15. exf5 Qxf5 16. h3 h5 17. Nh2 Qg6 18. g4 h4 19. Qe2 Bf6 20. Qe4 Qg7 21. Rfe1 Rae8 22. Nf1 Nd4 23. Reb1 Bd8 24. Rxb7 Be7 25. Rab1 Qf7 26. Nxe7+ Rxe7 27. Rxe7 Qxe7 28. Rb7 Nf3+ 29. Kh1 1-0

[Event "VIE-ch"]
[Site "Ho Chi Minh City"]
[Date "2021.03.25"]
[Round "3"]
[White "Nguyen, Vuong Tung Lam"]
[Black "Nguyen, Van Toan Thanh"]
[Result "0-1"]
[WhiteElo "1612"]
[BlackElo "2015"]
[PlyCount "98"]
[EventDate "2021.03.24"]
[EventType "swiss"]
[EventRounds "9"]
[EventCountry "VIE"]
[SourceTitle "EXT 2022"]
[Source "ChessBase"]
[SourceDate "2021.10.06"]
[SourceVersion "1"]
[SourceVersionDate "2021.10.06"]
[SourceQuality "1"]

1. d4 d5 2. Nf3 Nf6 3. g3 e6 4. Bg2 Be7 5. 0-0 Nc6 6. c4 dxc4 7. Qa4 0-0 8. Qxc4 Qd5 9. Qxd5 Nxd5 10. Nc3 Nxc3 11. bxc3 Na5 12. Rb1 Bd6 13. Nd2 Rb8 14. c4 b6 15. c5 Be7 16. Ba3 Re8 17. Bb4 Ba6 18. Bxa5 bxa5 19. Bf3 Bf6 20. Rfc1 Rxb1 21. Rxb1 Bxd4 22. Nb3 Bc3 23. Rc1 Bb4 24. Bc6 Rd8 25. Rc2 g6 26. Kg2 Rd1 27. Kf3 e5 28. Ke4 f6 29. Nc1 Rd4+ 30. Ke3 Kf7 31. Ba4 Ke7 32. Bb3 Bb5 33. Nd3 Ba3 34. f4 Bc6 35. h3 Bb4 36. Bg8 Kf8 37. Bb3 a4 38. Bc4 a5 39. Be6 Re4+ 40. Kf2 exf4 41. Bc4 fxg3+ 42. Kxg3 Re3+ 43. Kh2 Bd7 44. Bd5 Bxh3 45. Nf4 Bf5 46. Rc4 g5 47. Ng2 Rxe2 48. Kg3 h5 49. Kf3 Rxa2 0-1